00317nam a2200133Ia 4500008004100000041000800041082001200049100001700061245002500078250001000103260003200113300003100145365000700176240624s9999 xx 000 0 und d aeng a423 LEW aLEWIS NORMAN aWORD POWER MADE EASY aExch. c2005aNew DelhibBloomsbury axiv, : 686 : p. : cm. ; 24 cRS